Countries with Trick or Treat - Statistics

General Stats
  • This quiz has been taken 12 times
    7 since last reset
  • The average score is 11 of 20
Answer Stats
Holiday Name Country % Correct
Halloween Canada
100%
Halloween United States
100%
Guising Ireland
86%
Calaverita Mexico
86%
Guising United Kingdom
71%
Rummelpott, Easter Witches Denmark
57%
Easter Witches Finland
57%
St. Martin Singing Netherlands
57%
Easter Witches Norway
57%
Pão-por-Deus Portugal
57%
Easter Witches Sweden
57%
St. Martin Singing Austria
43%
Rummelpott, St Martin Singing Germany
43%
Ramadan Caroling Kyrgyzstan
43%
St. Martin Singing Switzerland
43%
Ramadan Caroling Tajikistan
43%
Ramadan Caroling Turkmenistan
43%
Ramadan Caroling Uzbekistan
43%
St. Martin Singing Belgium
29%
Buhe Ethiopia
29%
No matching quizzes found
Score Distribution
Percent of People with Each Score
Percentile by Number Answered
Your Score History
You have not taken this quiz since the last reset